Sustainable Finance – The Guaranteed Journey to the Responsible Production of Enterprises

Hodnotenie špecifických atribútov udržateľného financovania ako podpory zodpovednej produkcie podnikov s čiastkovými cieľmi - dôvody a základ súčasného tlaku na udržateľné financie, kategorizácia udržateľných financií, základné etické investičné stratégie, dôležitosť etického investovania.

Gespeichert in:
Bibliographische Detailangaben
1. Verfasser: Dubcová, Gabriela, 1968-
Weitere Verfasser: Grančičová, Katarína, 1967-
Format: Buchkapitel
Sprache:Englisch
Schlagworte:
Tags: Tag hinzufügen
Keine Tags, Fügen Sie das erste Tag hinzu!

MARC

LEADER 00000naa$a2200000$$$4500
001 0281063
005 20241025134749.3
041 0 |a eng 
044 |a CZ 
245 1 0 |a Sustainable Finance – The Guaranteed Journey to the Responsible Production of Enterprises  |c Gabriela Dubcová, Katarína Grančičová 
520 |a Hodnotenie špecifických atribútov udržateľného financovania ako podpory zodpovednej produkcie podnikov s čiastkovými cieľmi - dôvody a základ súčasného tlaku na udržateľné financie, kategorizácia udržateľných financií, základné etické investičné stratégie, dôležitosť etického investovania. 
610 2 0 |a rozvoj trvalo udržateľný 
610 2 0 |a financie 
610 2 0 |a financie udržateľné 
610 2 0 |a podnik 
610 2 0 |a investovanie 
100 1 |a Dubcová, Gabriela, 1968- 
700 1 |a Grančičová, Katarína, 1967-